Three tales / (Record no. 22354)
[ view plain ]
| 000 -LEADER | |
|---|---|
| fixed length control field | 00896nam a2200277I 4500 |
| 001 - CONTROL NUMBER | |
| control field | 22354 |
| 003 - CONTROL NUMBER IDENTIFIER | |
| rucl marc code | BD-RjUL |
| 005 - DATE AND TIME OF LATEST TRANSACTION | |
| control field | 20211209000809.0 |
| 008 - FIXED-LENGTH DATA ELEMENTS--GENERAL INFORMATION | |
| fixed length control field | 140308s1924 ctu 000 1 engmd |
| 035 ## - SYSTEM CONTROL NUMBER | |
| System control number | (BD-RjUL)22419 |
| System control number | (OCoLC)03562022 |
| 040 ## - CATALOGING SOURCE | |
| Original cataloging agency | MST |
| Transcribing agency | MST |
| Modifying agency | OCL |
| -- | MYG |
| -- | BD-RjUL |
| Language of cataloging | eng |
| 041 ## - LANGUAGE CODE | |
| Language code of text/sound track or separate title | eng |
| 082 04 - DEWEY DECIMAL CLASSIFICATION NUMBER | |
| Edition number | 22 |
| Classification number | 843.8 |
| Author mark and year | FLT 1924 |
| 100 1# - MAIN ENTRY--PERSONAL NAME | |
| Personal name | Flaubert, Gustave, |
| Dates associated with a name | 1821-1880. |
| 9 (RLIN) | 69011 |
| 245 10 - TITLE STATEMENT | |
| Title | Three tales / |
| Statement of responsibility, etc. | Gustave Flaubert; Translated by Arthur McDowall, introduction by Harry Levin. |
| 260 ## - PUBLICATION, DISTRIBUTION, ETC. (IMPRINT) | |
| Place of publication, distribution, etc. | Norfolk, Conn. : |
| Name of publisher, distributor, etc. | New Directions, |
| Date of publication, distribution, etc. | c1924. |
| 300 ## - PHYSICAL DESCRIPTION | |
| Pagination | 178 p. ; |
| Size | 18 cm. |
| 490 1# - SERIES STATEMENT | |
| Series statement | New classics |
| 600 2# - SUBJECT ADDED ENTRY--PERSONAL NAME | |
| Personal name | Flaubert, Gustave |
| Dates associated with a name | 1821-1880 |
| General subdivision | Criticism and interpretation. |
| 650 #0 - SUBJECT ADDED ENTRY--TOPICAL TERM | |
| Topical term or geographic name as entry element | French fiction. |
| 9 (RLIN) | 69013 |
| 700 1# - ADDED ENTRY--PERSONAL NAME | |
| Personal name | McDowall, Arthur Sydney, |
| Dates associated with a name | 1877-1933. |
| 830 #0 - SERIES ADDED ENTRY--UNIFORM TITLE | |
| Uniform title | New classics. |
| 942 ## - ADDED ENTRY ELEMENTS (KOHA) | |
| Source of classification or shelving scheme | Dewey Decimal Classification |
| Koha item type | Books |
| Lost status | Source of classification or shelving scheme | Damaged status | Not for loan | Collection code | Permanent Location | Current Location | Shelving location | Date acquired | Source of acquisition | Total Checkouts | Full call number | Date last seen | Copy number | Koha item type |
|---|---|---|---|---|---|---|---|---|---|---|---|---|---|---|
| Dewey Decimal Classification | Added to bundle | Fiction | Central Library, University of Rajshahi | Central Library, University of Rajshahi | Reading Room | 21/06/1965 | Eatu,Gift. | 843.8 FLT 1924 | 08/03/2014 | C-1 | Books |